Using Cointegration Analysis in Econometric Modelling (Record no. 18017)

MARC details
000 -LEADER
fixed length control field 00481nam a22001577a 4500
008 - FIXED-LENGTH DATA ELEMENTS--GENERAL INFORMATION
fixed length control field 191112b xxu||||| |||| 00| 0 eng d
020 ## - INTERNATIONAL STANDARD BOOK NUMBER
International Standard Book Number 0133558924
050 ## - LIBRARY OF CONGRESS CALL NUMBER
Classification number HB141
Item number .H37 1995 C.1
100 ## - MAIN ENTRY--PERSONAL NAME
Personal name Harris, Richard I.D.
245 ## - TITLE STATEMENT
Title Using Cointegration Analysis in Econometric Modelling
Statement of responsibility, etc. Richard I.D. Harris
260 ## - PUBLICATION, DISTRIBUTION, ETC. (IMPRINT)
Place of publication, distribution, etc. London
Name of publisher, distributor, etc. Pearson Education
Date of publication, distribution, etc. 1995
300 ## - PHYSICAL DESCRIPTION
Extent ix, 176p.
650 ## - SUBJECT ADDED ENTRY--TOPICAL TERM
Topical term or geographic name as entry element Econometric Models
650 ## - SUBJECT ADDED ENTRY--TOPICAL TERM
Topical term or geographic name as entry element Economics
Form subdivision statistical methods
942 ## - ADDED ENTRY ELEMENTS (KOHA)
Source of classification or shelving scheme Library of Congress Classification
Koha item type General Collection

No items available.

Designed with assistance from East African Informatics Ltd